000 00718nab a2200313Ia 4500
001 3791
008 191123s9999 xx 000 0 und d
041 _aspa
044 _aag
100 _asordelli Cigliano, Martha,
260 _aBuenos Aires :
_b[s.n.],
_c1999.
300 _app. 24-25
650 _aARGENTINA
650 _aARQUEOLOGIA
650 _aCATAMARCA
650 _aETNOLOGIA
650 _aMUSEOS
650 _aSEÑORES DEL JAGUAR
902 _aS
903 _aa
904 _aas
907 _aImpreso
912 _a1999
920 _a8, n.39
942 _cANALITICA
999 _c12647
_d12647
490 0 _aun linaje de guerreros en Catamarca. Los Señores del Jaguar
245 0 _aEl Arca